000
00232 a2200097 4500
001
19044
100
_a
Azzo, J J
245
_a
Feedback Control System Analysis and Synthesis
260
_a
_b
McGraw-Hill
_c
1966
090
_c
14115
_d
14115
942
_a
NUST-CAE
_c
M
_c
4576
999
_c
254117
_d
254117